Politics and communication in America : (Record no. 24675)
[ view plain ]
| 000 -LEADER | |
|---|---|
| fixed length control field | 01595cam a22002895a 4500 |
| 001 - CONTROL NUMBER | |
| control field | 15376543 |
| 005 - DATE AND TIME OF LATEST TRANSACTION | |
| control field | 20170420104455.0 |
| 008 - FIXED-LENGTH DATA ELEMENTS--GENERAL INFORMATION | |
| fixed length control field | 080722t2008 ilu frb 001 0 eng d |
| 020 ## - INTERNATIONAL STANDARD BOOK NUMBER | |
| International Standard Book Number | 9781577665335 |
| 020 ## - INTERNATIONAL STANDARD BOOK NUMBER | |
| International Standard Book Number | 1577665333 |
| 040 ## - CATALOGING SOURCE | |
| Original cataloging agency | BTCTA |
| Transcribing agency | BTCTA |
| Modifying agency | BAKER |
| -- | YDXCP |
| -- | BWX |
| -- | UAT |
| -- | IAY |
| -- | IQU |
| -- | DLC |
| -- | EG-ScBUE |
| Language of cataloging | eng |
| 043 ## - GEOGRAPHIC AREA CODE | |
| Geographic area code | n-us--- |
| 082 04 - DEWEY DECIMAL CLASSIFICATION NUMBER | |
| Edition number | 22 |
| Classification number | 320.973014 |
| Item number | DEN |
| 100 1# - MAIN ENTRY--PERSONAL NAME | |
| Personal name | Denton, Robert E., |
| Titles and other words associated with a name | Jr. |
| 9 (RLIN) | 28782 |
| 245 10 - TITLE STATEMENT | |
| Title | Politics and communication in America : |
| Remainder of title | campaigns, media, and governing in the 21st century / |
| Statement of responsibility, etc | Robert E. Denton, Jr., Jim A. Kuypers. |
| 260 ## - PUBLICATION, DISTRIBUTION, ETC. (IMPRINT) | |
| Place of publication, distribution, etc | Long Grove : |
| Name of publisher, distributor, etc | Waveland Press, |
| Date of publication, distribution, etc | c.2008. |
| 300 ## - PHYSICAL DESCRIPTION | |
| Extent | xiv, 353 p. ; |
| Dimensions | 23 cm. |
| 500 ## - GENERAL NOTE | |
| General note | "[This work is] an undergraduate textbook that surveys the field of political communication and includes both reviews of key studies and literature"--Pref. |
| 500 ## - GENERAL NOTE | |
| General note | "The foundation for this book is a volume originally published in 1985 [and authored] by Robert E. Denton, Jr. and Gary Woodward, entitled Political communication in America ... third edition was published in 1999"--Pref. |
| 500 ## - GENERAL NOTE | |
| General note | "The foundation for this book is a volume originally published in 1985 [and authored] by Robert E. Denton, Jr. and Gary Woodward, entitled Political communication in America ... third edition was published in 1999"--Pref. |
| 504 ## - BIBLIOGRAPHY, ETC. NOTE | |
| Bibliography, etc | Includes bibliographical references and index. |
| 650 #7 - SUBJECT ADDED ENTRY--TOPICAL TERM | |
| Topical term or geographic name as entry element | Communication in politics |
| Geographic subdivision | United States. |
| Source of heading or term | BUEsh |
| 651 #7 - SUBJECT ADDED ENTRY--GEOGRAPHIC NAME | |
| Geographic name | United States |
| General subdivision | Politics and government |
| Chronological subdivision | 21st century. |
| Source of heading or term | BUEsh |
| 9 (RLIN) | 22791 |
| 653 ## - INDEX TERM--UNCONTROLLED | |
| Resource For college | BAEPS, Political Science |
| Arrived date list | April2017 |
| 700 1# - ADDED ENTRY--PERSONAL NAME | |
| Personal name | Kuypers, Jim A. |
| 942 ## - ADDED ENTRY ELEMENTS (KOHA) | |
| Source of classification or shelving scheme | Dewey Decimal Classification |
| Withdrawn status | Item status | Source of classification or shelving scheme | Damaged status | Not for loan | Vendor | Home library | Current library | Shelving location | Date acquired | Source of acquisition | Cost, normal purchase price | Total Checkouts | Full call number | Barcode | Date last seen | Cost, replacement price | Koha item type | Date last borrowed |
|---|---|---|---|---|---|---|---|---|---|---|---|---|---|---|---|---|---|---|
| Dewey Decimal Classification | Baccah | Central Library | Central Library | First floor | 20/04/2017 | Purchase | 1250.00 | 320.973014 DEN | 000041663 | 15/07/2025 | 1563.00 | NB - Book (Non borrowing) | ||||||
| Dewey Decimal Classification | Baccah | Central Library | Central Library | First floor | 20/04/2017 | Purchase | 1250.00 | 1 | 320.973014 DEN | 000041664 | 15/07/2025 | 1563.00 | Book - Borrowing | 05/05/2019 |